Statistics for Countries That Use the Dollar

Click here to take the quiz!

General Stats

  • This quiz has been taken 33 times
  • The average score is 25 of 34

Answer Stats

ISO CodeAnswer% Correct
CADCanada
96%
AUDAustralia
88%
NZDNew Zealand
88%
XCDSaint Kitts and Nevis
88%
XCDSaint Lucia
88%
XCDSaint Vincent and the Grenadines
88%
TTDTrinidad and Tobago
88%
USDUnited States of America
88%
XCDAntigua and Barbuda
85%
BBDBarbados
85%
XCDDominica
85%
XCDGrenada
85%
JMDJamaica
85%
SGDSingapore
85%
BSDBahamas
81%
TVD/AUDTuvalu
81%
USDMarshall Islands
77%
USDFederated States of Micronesia
73%
GYDGuyana
73%
USDPalau
73%
BND/SGDBrunei
69%
FJDFiji
69%
AUDNauru
69%
SBDSolomon Islands
65%
BZD/USDBelize
62%
KID/AUDKiribati
62%
SRDSuriname
62%
TWDTaiwan
62%
USDEl Salvador
54%
USDEcuador
50%
USDEast Timor
46%
USDZimbabwe
46%
LRDLiberia
35%
NADNamibia
27%

Score Distribution

Percentile by Number Answered

Percent of People with Each Score

Your Score History

You have not taken this quiz